El arte poética /

Guardado en:
Autor Principal: Aristóteles
Formato: Libro
Publicado: Buenos Aires; México : Espasa-calpe Argentina, 1943
Edición:2a. ed.
Series:Colec. Austral
Materias:
Etiquetas: Agregar Etiqueta
Sin Etiquetas, Sea el primero en etiquetar este registro!
LEADER 00751nam a22002535a 4500
001 CEM.cems000688
005 20060210000000.0
008 130507s1943##################000#0#####d
003 CEMS
082 0 4 |a 801 
100 1 |a Aristóteles 
245 1 0 |a El arte poética / 
250 |a 2a. ed. 
260 |a Buenos Aires; México :  |b Espasa-calpe Argentina,  |c 1943 
300 |a 146 p. 
490 0 |a Colec. Austral 
500 |a Traducción, prólogo y notas de J.goya y Muniain 
653 |a Comedia griega 
653 |a Estetica-teoria 
653 |a Literatura 
653 |a Poesia-teoria 
653 |a Tragedia griega 
859 |a CEMS  |b BIB. CEMS - 11 de abril  |h 801  |i Ar46a2  |p 4241.75  |t Ej.1 
859 |a CEMS  |b BIB. CEMS - 11 de abril  |h 801  |i Ar46a2  |p 4242.75  |t Ej.2